000 01602ngm a22004090a 4500
001 PT13524
003 AR-LpoUNG
005 20210202000330.0
007 vd cvaizq
008 191001s1998||||ag |||||||||||||||||spa d
020 _a9504359264 (o.c.)
040 _aAR-LpoUNG
_bspa
_cAR-LpoUNG
_eaacr
041 _aspa
044 _aag
082 0 _a982 632v9
100 1 _aPigna, Felipe
_edir.
245 1 0 _aHistoria Argentina 1973 - 1976 :
_bprocesos socioeconómicos, políticos y culturales
260 _aBuenos Aires :
_bDiana,
_c1998.
300 _aVHS (70 min.) : son., col.
505 0 _aGuión: Carlos Mora, Marta Dino ; narración: Edgardo Pérez Morán ; asistencia: Natalia Incolla Garay, Sol Povarchik ; guión: Marta Dino, distribución: Mauro Ariel González ; colaboración: Karina Solano ; edición: Martín Gaztelu.- Se acompaña con una guía de trabajo, inventario Nº 12521
520 _a<p>Contenido: C&aacute;mpora; la JP; Montoneros; ERP; PRT; Per&oacute;n; Isabel; Tupamaros; Masacre de Ezeiza; Pinochet; La patagonia rebelde; Sui Generis; el g&oacute;lpe del 24 de marzo de 1976.</p>
650 4 _aANALISIS HISTORICO
650 4 _aASPECTOS POLITICOS
650 4 _aCULTURA
650 4 _aHISTORIA
650 4 _aHUELGAS
650 4 _aIDEOLOGIAS POLITICAS
650 4 _aPOLITICOS
650 4 _aPROBLEMAS SOCIALES
651 4 _aArgentina
653 _aVIDEOS
653 _aVIDEOS DIDACTICOS
710 2 _aEscuela Superior de Comercio Carlos Pellegrini (Buenos Aires)
710 2 _aUniversidad de Buenos Aires
905 _a13524
942 _cVIDEO
999 _c54643
_d54643